[Event "Monteros op 7th"]
[Site "Monteros"]
[Date "2017.08.19"]
[Round "1"]
[White "Soria, Angel"]
[Black "Burgos, Carlos"]
[Result "0-1"]
[WhiteElo "1871"]
[BlackElo "2308"]
[PlyCount "73"]
[EventDate "2017.08.19"]
[EventType "swiss"]
[EventRounds "7"]
[EventCountry "ARG"]
[SourceTitle "EXT 2020"]
[Source "ChessBase"]
[SourceDate "2019.10.17"]
[SourceVersion "1"]
[SourceVersionDate "2019.10.17"]
[SourceQuality "1"]

1. d4 Nf6 2. c4 g6 3. Nc3 Bg7 4. e4 d6 5. f4 0-0 6. Nf3 c5 7. d5 e6 8. Be2 exd5 9. exd5 Re8 10. 0-0 Na6 11. Bd3 Ng4 12. Re1 Rxe1+ 13. Qxe1 Bd7 14. h3 Nh6 15. Bd2 Nb4 16. Bb1 Nf5 17. a3 Qb6 18. Bxf5 Re8 19. Qf2 Bxf5 20. axb4 Qxb4 21. Re1 Rf8 22. Qe2 Qb3 23. Qe7 Bd3 24. Qxd6 Qxb2 25. Qxc5 Bxc3 26. Bxc3 Qxc3 27. d6 Qxc4 28. Qxa7 Qxf4 29. Ne5 Bf5 30. Qxb7 Qd4+ 31. Kh1 Qxd6 32. Nc6 Be6 33. Ne5 Rb8 34. Qe4 Rb3 35. Ng4 Kg7 36. Ra1 Rxh3+ 37. gxh3 0-1

[Event "ARG-ch Seniors 50"]
[Site "Termas de Rio Hondo"]
[Date "2017.04.21"]
[Round "5"]
[White "Daneri, Martin"]
[Black "Burgos, Carlos"]
[Result "0-1"]
[WhiteElo "2080"]
[BlackElo "2303"]
[PlyCount "102"]
[EventDate "2017.04.19"]
[EventType "swiss"]
[EventRounds "7"]
[EventCountry "ARG"]
[SourceTitle "EXT 2024"]
[Source "ChessBase"]
[SourceDate "2023.10.10"]
[SourceVersion "1"]
[SourceVersionDate "2023.10.10"]
[SourceQuality "1"]

1. d4 Nf6 2. Nf3 e6 3. Bf4 b6 4. e3 Bb7 5. Nbd2 Be7 6. h3 Nd5 7. Bh2 f5 8. c3 0-0 9. Bd3 d6 10. Qe2 c5 11. dxc5 bxc5 12. e4 Nc7 13. exf5 exf5 14. 0-0-0 Nc6 15. Rhe1 Qd7 16. Nc4 Rae8 17. Qc2 d5 18. g4 g6 19. gxf5 gxf5 20. Rg1+ Kh8 21. Nce5 Nxe5 22. Bxe5+ Bf6 23. Bxf5 Qc6 24. Bxf6+ Qxf6 25. Bg4 d4 26. cxd4 Be4 27. Qxc5 Ne6 28. Bxe6 Rxe6 29. Ne5 Ree8 30. Rg4 Bf5 31. Nc4 Rc8 32. Qb4 Rxc4+ 33. Qxc4 Rc8 34. Qxc8+ Bxc8 35. Rg3 Qxf2 36. Rgd3 Bf5 37. R3d2 Qe3 38. h4 Qe4 39. Rd3 Qf4+ 40. R3d2 Qxh4 41. b3 Qf4 42. Re1 h5 43. d5 Qd6 44. Kb2 h4 45. Rc1 h3 46. Rc6 Qf4 47. Re2 Qd4+ 48. Ka3 Qxd5 49. Re8+ Kg7 50. Rc7+ Kg6 51. Rc1 Qa5+ 0-1

[Event "Cordoba Eliskases Memorial 1st"]
[Site "Cordoba"]
[Date "2004.11.27"]
[Round "3"]
[White "Soppe, Guillermo"]
[Black "Burgos, Carlos"]
[Result "1/2-1/2"]
[WhiteElo "2433"]
[BlackElo "2335"]
[PlyCount "41"]
[EventDate "2004.11.25"]
[EventType "swiss"]
[EventRounds "7"]
[EventCountry "ARG"]
[SourceTitle "EXT 2007"]
[Source "ChessBase"]
[SourceDate "2006.11.23"]
[SourceVersion "1"]
[SourceVersionDate "2006.11.23"]
[SourceQuality "1"]

1. d4 c5 2. d5 g6 3. e4 d6 4. Nc3 Bg7 5. Bb5+ Nd7 6. a4 Ngf6 7. Nf3 0-0 8. 0-0 a6 9. Be2 Rb8 10. Nd2 Ne8 11. a5 Nc7 12. Nc4 b5 13. axb6 Nxb6 14. Na5 Bd7 15. Bg5 Qe8 16. Qd2 Nb5 17. Nd1 f5 18. exf5 Rxf5 19. c4 Nd4 20. Bd3 Rf7 21. Rb1 1/2-1/2

[Event "San Salvador op"]
[Site "San Salvador"]
[Date "2003.12.15"]
[Round "9"]
[White "Burgos, Carlos"]
[Black "Zepeda, Lorena"]
[Result "1-0"]
[WhiteElo "2335"]
[BlackElo "2103"]
[PlyCount "73"]
[EventDate "2003.12.09"]
[EventType "swiss"]
[EventRounds "9"]
[EventCountry "ESA"]
[SourceTitle "CBM 097 Extra"]
[Source "ChessBase"]
[SourceDate "2004.01.13"]
[SourceVersion "1"]
[SourceVersionDate "2004.01.13"]
[SourceQuality "1"]

1. e4 d5 2. Nf3 dxe4 3. Ng5 Nf6 4. Nc3 Bf5 5. Bc4 e6 6. d3 c6 7. Ngxe4 Nxe4 8. dxe4 Qxd1+ 9. Kxd1 Bg6 10. a4 Bc5 11. Ke2 Nd7 12. Be3 Bxe3 13. Kxe3 Nf6 14. f3 Rd8 15. a5 Kd7 16. b4 Kc7 17. Ne2 e5 18. b5 Nd7 19. Rhb1 f5 20. Nc3 f4+ 21. Ke2 Rhf8 22. Na4 Bf7 23. Bd3 Ra8 24. b6+ axb6 25. Nxb6 Nxb6 26. Rxb6 c5 27. Kd2 Rfd8 28. Kc3 Rd4 29. Rab1 Ra7 30. R1b5 c4 31. Be2 Rd6 32. Rxd6 Kxd6 33. Bxc4 Be8 34. Rd5+ Ke6 35. Kb4 Bc6 36. Rd8+ Ke7 37. Rg8 1-0

[Event "San Salvador op"]
[Site "San Salvador"]
[Date "2003.12.13"]
[Round "7"]
[White "Burgos, Carlos"]
[Black "Chavez, Hector Eduardo"]
[Result "1-0"]
[WhiteElo "2335"]
[BlackElo "2086"]
[PlyCount "119"]
[EventDate "2003.12.09"]
[EventType "swiss"]
[EventRounds "9"]
[EventCountry "ESA"]
[SourceTitle "CBM 097 Extra"]
[Source "ChessBase"]
[SourceDate "2004.01.13"]
[SourceVersion "1"]
[SourceVersionDate "2004.01.13"]
[SourceQuality "1"]

1. e4 c5 2. Nf3 Nc6 3. Bb5 e6 4. 0-0 Nge7 5. Re1 a6 6. Bf1 d5 7. exd5 Nxd5 8. d4 Be7 9. c4 Nf6 10. Be3 0-0 11. Nc3 cxd4 12. Nxd4 Nxd4 13. Bxd4 Bd7 14. Qd3 Bc6 15. Rad1 Qd6 16. Qe3 Ng4 17. Qh3 Qf4 18. f3 Nh6 19. Nd5 exd5 20. cxd5 Bf6 21. Bxf6 Qxf6 22. dxc6 Qxc6 23. Qd7 Qb6+ 24. Qd4 Qa5 25. Re5 b5 26. a3 Rad8 27. Rd5 Nf5 28. Qc5 Rxd5 29. Rxd5 g6 30. g4 Ng7 31. Qb4 Qb6+ 32. Qd4 Qc6 33. Qc5 Qf6 34. Qc3 Qb6+ 35. Qc5 Qb7 36. Rd3 Ne6 37. Qe3 Rc8 38. f4 Rc2 39. f5 Qc7 40. Rd2 Rxd2 41. Qxd2 Nf4 42. Qd4 g5 43. b3 h6 44. a4 Qc6 45. axb5 axb5 46. Qe3 b4 47. Kf2 Qc2+ 48. Kg1 Qc3 49. Kf2 Qc2+ 50. Kg1 Qd1 51. h3 h5 52. Qe8+ Kg7 53. Qe5+ Kh7 54. Qe7 Nxh3+ 55. Kh2 hxg4 56. Qxf7+ Kh8 57. Qf6+ Kh7 58. Qg6+ Kh8 59. Qh6+ Kg8 60. Bc4+ 1-0

[Event "American Continental 02nd"]
[Site "Buenos Aires"]
[Date "2003.08.26"]
[Round "8"]
[White "Fiorito, Fabian"]
[Black "Burgos, Carlos"]
[Result "1/2-1/2"]
[WhiteElo "2422"]
[BlackElo "2335"]
[PlyCount "130"]
[EventDate "2003.08.17"]
[EventType "swiss"]
[EventRounds "11"]
[EventCountry "ARG"]
[SourceTitle "CBM 097"]
[Source "ChessBase"]
[SourceDate "2003.11.11"]
[SourceVersion "1"]
[SourceVersionDate "2003.11.11"]
[SourceQuality "1"]

1. Nf3 Nf6 2. g3 b6 3. Bg2 Bb7 4. 0-0 e6 5. c4 c5 6. Nc3 Be7 7. Re1 d5 8. cxd5 Nxd5 9. e4 Nb4 10. d4 cxd4 11. Nxd4 0-0 12. a3 N8c6 13. Nxe6 fxe6 14. axb4 Bxb4 15. Be3 Qe7 16. Qh5 Na5 17. Bf1 Rac8 18. Qg4 Bxc3 19. bxc3 Rxc3 20. Bd2 Rc2 21. Bxa5 Qc5 22. Re2 Rxe2 23. Qxe2 bxa5 24. Bg2 Bc6 25. Qd2 a4 26. Rc1 Qb6 27. h4 Bb5 28. Bh3 h6 29. Qa2 Re8 30. e5 Kh8 31. Rd1 Qc5 32. Bxe6 Qxe5 33. Bf7 Rb8 34. Bg6 Bc6 35. Bb1 Qf6 36. Qc2 g6 37. Qc5 Rb7 38. Bc2 Qf3 39. Rd8+ Kh7 40. Kf1 Bb5+ 41. Kg1 Bc6 42. Kf1 Rf7 43. h5 Qg2+ 44. Ke2 Bb5+ 45. Kd2 Qxf2+ 46. Qxf2 Rxf2+ 47. Kc1 Kg7 48. Rb8 a6 49. hxg6 Bc4 50. Rb7+ Kg8 51. Bxa4 Rg2 52. Rc7 Ba2 53. Rc3 a5 54. Bc2 Be6 55. Rc6 Ba2 56. Rc3 Kg7 57. Kb2 Be6 58. Ka3 Rf2 59. Ka4 Bf5 60. Bb3 Kxg6 61. Kxa5 Rb2 62. Ka4 Kg5 63. Ka3 Rd2 64. Kb4 Kg4 65. Kc5 Rd3 1/2-1/2

[Event "San Salvador zt"]
[Site "San Salvador"]
[Date "1998.11.14"]
[Round "8"]
[White "Soto Paez, Oliver de la Trinid"]
[Black "Burgos, Carlos"]
[Result "1-0"]
[WhiteElo "2320"]
[BlackElo "2085"]
[PlyCount "71"]
[EventDate "1998.11.05"]
[EventType "swiss"]
[EventRounds "9"]
[EventCountry "ESA"]
[SourceTitle "CBM 067 Extra"]
[Source "ChessBase"]
[SourceDate "1999.01.01"]
[SourceVersion "1"]
[SourceVersionDate "1999.01.01"]
[SourceQuality "1"]

1. e4 c5 2. Nf3 Nc6 3. d4 cxd4 4. Nxd4 g6 5. Nc3 Bg7 6. Be3 Nf6 7. Bc4 Ne5 8. Bb3 Neg4 9. Bg5 Qa5 10. Bh4 Nxe4 11. 0-0 Ngf6 12. Nxe4 Nxe4 13. Re1 f5 14. f3 Qb6 15. c3 Bf6 16. Bxf6 Nxf6 17. Qd2 e6 18. Qh6 Rf8 19. Kh1 a5 20. a4 Qc5 21. Re2 Kf7 22. Rae1 Re8 23. g4 fxg4 24. fxg4 Qf8 25. Qh4 Kg7 26. Rf1 Qe7 27. Ref2 Ng8 28. Rf7+ Qxf7 29. Rxf7+ Kxf7 30. Qxh7+ Kf8 31. Qxg6 b6 32. Nf5 Bb7+ 33. Kg1 Re7 34. Nxe7 Nxe7 35. Qf6+ Ke8 36. h4 1-0

[Event "Olympiad-33"]
[Site "Elista"]
[Date "1998.09.30"]
[Round "2.4"]
[White "Burgos, Carlos"]
[Black "Rechi Perez, Jesus"]
[Result "1-0"]
[WhiteElo "2085"]
[BlackElo "2135"]
[PlyCount "57"]
[EventDate "1998.09.29"]
[EventType "team-swiss"]
[EventRounds "13"]
[EventCountry "RUS"]
[SourceTitle "CBM 068"]
[Source "ChessBase"]
[SourceDate "1999.02.01"]
[SourceVersion "1"]
[SourceVersionDate "1999.02.01"]
[SourceQuality "1"]
[WhiteTeam "El Salvador"]
[BlackTeam "Andorra"]
[WhiteTeamCountry "ESA"]
[BlackTeamCountry "AND"]

1. e4 d5 2. exd5 Nf6 3. Nc3 Nxd5 4. Bc4 c6 5. Qf3 e6 6. Nge2 Bd6 7. d4 Qf6 8. Qh3 Nxc3 9. Nxc3 Qxd4 10. Bd3 Nd7 11. 0-0 Nf6 12. Bg5 Ng4 13. Ne2 Nxf2 14. Rxf2 Qxb2 15. Raf1 Bc5 16. Be3 Bxe3 17. Qxe3 0-0 18. Nf4 g6 19. Qg3 f5 20. h4 Qg7 21. Bc4 Kh8 22. Bxe6 Re8 23. Bb3 a5 24. a4 Re4 25. Rd2 Bd7 26. Nh5 gxh5 27. Qxg7+ Kxg7 28. Rxd7+ Kh6 29. Rxf5 1-0

[Event "San Salvador-ch"]
[Site "San Salvador"]
[Date "1998.??.??"]
[Round "2.2"]
[White "Burgos, Carlos"]
[Black "Pineda, Boris"]
[Result "1/2-1/2"]
[WhiteElo "2085"]
[BlackElo "2295"]
[PlyCount "33"]
[EventDate "1998.??.??"]
[EventType "k.o."]
[EventRounds "4"]
[EventCountry "ESA"]
[SourceTitle "EXT 2000"]
[Source "ChessBase"]
[SourceDate "1999.11.16"]
[SourceVersion "1"]
[SourceVersionDate "1999.11.16"]
[SourceQuality "1"]

1. e4 c5 2. Nf3 d6 3. c3 Nf6 4. Be2 g6 5. 0-0 Bg7 6. Re1 0-0 7. Bf1 Nc6 8. h3 Rb8 9. a4 a6 10. d4 e5 11. d5 Ne7 12. a5 Ne8 13. Nbd2 f5 14. exf5 gxf5 15. Nc4 Ng6 16. Bg5 Bf6 17. Bh6 1/2-1/2

[Event "San Salvador-ch"]
[Site "San Salvador"]
[Date "1998.??.??"]
[Round "2.1"]
[White "Pineda, Boris"]
[Black "Burgos, Carlos"]
[Result "1/2-1/2"]
[WhiteElo "2295"]
[BlackElo "2085"]
[PlyCount "62"]
[EventDate "1998.??.??"]
[EventType "k.o."]
[EventRounds "4"]
[EventCountry "ESA"]
[SourceTitle "EXT 2000"]
[Source "ChessBase"]
[SourceDate "1999.11.16"]
[SourceVersion "1"]
[SourceVersionDate "1999.11.16"]
[SourceQuality "1"]

1. c4 c5 2. Nf3 Nc6 3. d4 cxd4 4. Nxd4 Nf6 5. Nc3 d5 6. cxd5 Nxd5 7. Nxc6 bxc6 8. Bd2 e6 9. e4 Nb4 10. Be3 Bb7 11. Qb3 Qa5 12. Rd1 Rb8 13. a3 Na6 14. Bxa7 Nc5 15. Qb6 Qxb6 16. Bxb6 Be7 17. b4 Nd7 18. Bd4 Ra8 19. Nb1 e5 20. Bc3 f6 21. Bd3 Nb6 22. 0-0 0-0 23. Bb2 Rfd8 24. Bc2 Kf8 25. f4 exf4 26. Rxf4 Rxd1+ 27. Bxd1 Nc4 28. Bc1 c5 29. Be2 cxb4 30. Bxc4 bxa3 31. Ba2 Ke8 1/2-1/2

[Event "Pinar del Rio"]
[Site "Pinar del Rio"]
[Date "1997.??.??"]
[Round "3"]
[White "Burgos, Carlos"]
[Black "Alvarez Perez, Jose"]
[Result "0-1"]
[WhiteElo "2390"]
[BlackElo "2085"]
[PlyCount "78"]
[EventDate "1997.??.??"]
[EventType "tourn"]
[EventRounds "11"]
[EventCountry "CUB"]
[EventCategory "3"]
[SourceTitle "EXT 2000"]
[Source "ChessBase"]
[SourceDate "1999.11.16"]
[SourceVersion "1"]
[SourceVersionDate "1999.11.16"]
[SourceQuality "1"]

1. e4 c5 2. c4 Nc6 3. Nc3 g6 4. g3 Bg7 5. Bg2 d6 6. Nge2 e6 7. 0-0 Nge7 8. h3 a6 9. d3 Rb8 10. a4 Qc7 11. Kh2 Bd7 12. Be3 Nd4 13. Rb1 Nec6 14. f4 f5 15. Ng1 0-0 16. Nf3 Nxf3+ 17. Qxf3 Nd4 18. Qd1 Kh8 19. b3 b5 20. axb5 axb5 21. Ne2 bxc4 22. Bxd4 cxd4 23. bxc4 Rxb1 24. Qxb1 Rb8 25. Qa1 Qb6 26. exf5 gxf5 27. Ng1 h6 28. Rf2 e5 29. fxe5 dxe5 30. Nf3 e4 31. dxe4 fxe4 32. Nh4 d3 33. Qa2 e3 34. Rf7 Qe6 35. Qa7 Qxf7 36. Qxb8+ Qe8 37. Qd6 d2 38. c5 e2 39. c6 Bc8 0-1